ESSENTIALS OF LOCAL ANESTHESIA WITH MCQS (Record no. 14231)
[ view plain ]
| 000 -LEADER | |
|---|---|
| fixed length control field | 00264nam a22001217a 4500 |
| 003 - CONTROL NUMBER IDENTIFIER | |
| control field | SGT |
| 082 ## - DEWEY DECIMAL CLASSIFICATION NUMBER | |
| Classification number | 617.96 |
| Item number | E06G |
| 100 ## - MAIN ENTRY--PERSONAL NAME | |
| Personal name | GHROPADE,K H |
| 245 ## - TITLE STATEMENT | |
| Title | ESSENTIALS OF LOCAL ANESTHESIA WITH MCQS |
| 260 ## - PUBLICATION, DISTRIBUTION, ETC. (IMPRINT) | |
| Place of publication, distribution, etc | LONDON |
| Name of publisher, distributor, etc | J P |
| Year of Publication | 2006 |
| 300 ## - PAGE DESCRIPTION | |
| No. of Pages | 106 |
| 942 ## - ADDED ENTRY ELEMENTS (KOHA) | |
| Source of classification or shelving scheme | Dewey Decimal Classification |
| Koha item type | Books |
| Withdrawn status | Lost status | Source of classification or shelving scheme | Damaged status | Not for loan | Collection code | Home library | Current library | Shelving location | Date acquired | Vendor Name | Cost, normal purchase price | SGTU | Bill Number | Total Checkouts | Full call number | Accession No. (Barcode) | Date last seen | Bill Date | Koha item type |
|---|---|---|---|---|---|---|---|---|---|---|---|---|---|---|---|---|---|---|---|
| Dewey Decimal Classification | MEDICAL | SGT Medical Library | SGT Medical Library | Text Book | 26/12/2017 | ABC DELHI | 650.00 | SGTU | 8707 | 617.96 E06G | FM9158 | 26/12/2017 | 08/08/2017 | Books | |||||
| Dewey Decimal Classification | MEDICAL | SGT Medical Library | SGT Medical Library | Text Book | 26/12/2017 | ABC DELHI | 650.00 | SGTU | 8707 | 617.96 E06G | FM9159 | 26/12/2017 | 08/08/2017 | Books | |||||
| Dewey Decimal Classification | MEDICAL | SGT Medical Library | SGT Medical Library | Text Book | 26/12/2017 | ABC DELHI | 650.00 | SGTU | 8707 | 617.96 E06G | FM9160 | 26/12/2017 | 08/08/2017 | Books |